000 00668nam a2200229Ia 4500
003 OSt
005 20220926005427.0
006 a|||||r|||| 00| 0
007 ta
008 220923b |||||||| |||| 00| 0 eng d
037 _cGeneral Book
040 _aRTL
_cRTL
_beng
041 _2eng
_aeng
082 _aX:31:(B), M4/SC
100 _aGHOSH A.
245 0 _aIncome distribution and the structure of production.
260 _a New Delhi
_bSouth Asian Publishers Pvt. Ltd.
_c1984
300 _aix,186p.
_ccm.
700 _a SENGUPTA A.K.
_9209681
942 _hX:31:(B), M4/SC
_cGB
_2CC
999 _c613812
_d613812